Návrh výfukového systému pre osobné vozidlo so vznetovým motorom
Guardado en:
| Autor principal: | |
|---|---|
| Otros Autores: | |
| Formato: | Manuscrito Libro |
| Lenguaje: | eslovaco |
| Publicado: |
2021
|
| Materias: | |
| Acceso en línea: | http://is.stuba.sk/zp/portal_zp.pl?podrobnosti=160499 |
| Etiquetas: |
Sin Etiquetas, Sea el primero en etiquetar este registro!
|
MARC
| LEADER | 00000ntm a22000003a 4500 | ||
|---|---|---|---|
| 001 | stuzp85055 | ||
| 003 | SK-STU | ||
| 005 | 20210612213656.3 | ||
| 007 | ta | ||
| 008 | 150427s2015----xo-----f-mn---000-0-slo-d | ||
| 040 | |a STU |b slo | ||
| 041 | 0 | |a slo | |
| 100 | 1 | |a Boňko, Dušan |u 020030 |k Z4 |4 aut |U SjF Strojnícka fakulta |T SjF Ústav dopravnej techniky a konštruovania |X 76061 |U J0030 |Y 806 |7 76061 | |
| 242 | 0 | 1 | |a Design of an exhaust system for a passenger car with a diesel engine |y eng |
| 245 | 1 | 0 | |a Návrh výfukového systému pre osobné vozidlo so vznetovým motorom |
| 260 | |c 2021 | ||
| 650 | 4 | |a spaľovací motor |2 slo | |
| 650 | 4 | |a výfukový systém |2 slo | |
| 650 | 4 | |a emisie |2 slo | |
| 650 | 4 | |a hluk |2 slo | |
| 650 | 4 | |a emissions |2 eng | |
| 650 | 4 | |a internal combustion engine |2 eng | |
| 650 | 4 | |a exhaust |2 eng | |
| 650 | 4 | |a noise |2 eng | |
| 700 | 1 | |a Petrák, Peter |u 020030 |k Z1 |4 ths |U SjF Strojnícka fakulta |T SjF Ústav dopravnej techniky a konštruovania |X 2414 |U J0030 |Y 806 |7 A000002414 | |
| 856 | 4 | |u http://is.stuba.sk/zp/portal_zp.pl?podrobnosti=160499 | |
| 996 | |b 284J046647 |c J* 3327/DDP |l JJSK |s A |a 24 |w stuzp85055_0001 | ||